Juegos predeportivos en grupo

Gardado en:
Detalles Bibliográficos
Autor Principal: Löscher, Arndt (autor)
Formato: Libro
Idioma:Lingua castelá
Publicado: Barcelona Paidotribo 2001
Edición:4a. ed
Series:Colección Pedagogías Corporales
Subjects:
Tags: Engadir etiqueta
Sen Etiquetas, Sexa o primeiro en etiquetar este rexistro!

MARC

LEADER 00000nam a2200000 a 4500
001 UCG3251
003 CL-VaPUC
008 100819e20010000SP |||||||||||||||||spa|d
020 |a 8480191732 
082 0 4 |a 796.1  |b LOS  |2 21 
100 |a Löscher, Arndt  |e autor  |9 552219 
245 1 0 |a Juegos predeportivos en grupo 
250 |a 4a. ed 
300 |a 117 p 
942 |c BK 
945 |d 20100819 00:00:00  |a mfarfan 
260 |a Barcelona  |b Paidotribo  |c 2001 
650 0 |a Deportes  |9 224367 
650 0 |a Juegos infantiles  |9 307365 
650 7 |a TRABAJO EN GRUPO  |2 CL-VaPUC  |9 552220 
650 0 |a Educación física  |9 240893 
650 7 |a EQUIPO DEPORTIVO  |2 CL-VaPUC  |9 334650 
583 |a last modification  |c 20100819 00:00:00  |k Rodrigo Vera 
490 0 |a Colección Pedagogías Corporales 
999 |c 342322  |d 342320 
952 |0 0  |1 0  |4 0  |6 796_100000000000000_LOS_2001  |7 0  |8 C  |9 438469  |a BIBCUR  |b BIBCUR  |d 2019-11-22  |i 4707508  |l 1  |o 796.1 LOS 2001  |p 4707508  |r 2025-04-22  |s 2025-01-06  |w 2019-11-22  |y BK  |k DEN